Poměrné sestupné zastoupení v Evropském parlamentu: unijní právo vs. realita

Zastúpenie členských krajín v Európskom parlamente. Vývoj zastúpenia členských štátov v Európskom parlamente od roku 1952 do 2019. Základné princípy zastúpenia. Pomerné zastúpenie a európske voľby 2019.

Salvato in:
Dettagli Bibliografici
Autore principale: Charvát, Jakub
Natura: Capitolo di libro
Lingua:ceco
Soggetti:
Tags: Aggiungi Tag
Nessun Tag, puoi essere il primo ad aggiungerne!!

MARC

LEADER 00000naa a2200000 4500
001 0253201
005 20190424130318.5
041 0 |a cze 
044 |a CZ 
245 1 0 |a Poměrné sestupné zastoupení v Evropském parlamentu: unijní právo vs. realita  |c Jakub Charvát 
520 |a Zastúpenie členských krajín v Európskom parlamente. Vývoj zastúpenia členských štátov v Európskom parlamente od roku 1952 do 2019. Základné princípy zastúpenia. Pomerné zastúpenie a európske voľby 2019. 
610 2 0 |a Európska únia 
610 2 0 |a Európsky parlament 
610 2 0 |a spolupráca medzinárodná 
610 2 0 |a voľby 
100 1 |a Charvát, Jakub